000
00248nam a2200109Ia 4500
005
20251222143216.0
008
251222s9999||||xx |||||||||||||| ||spa||
082
_a
869.3/R78H
100
_a
"Rojas, Manuel"
245
0
_a
Hijo de ladrĂ³n
942
_c
LIB
999
_c
13636
_d
13636